000 00335nam a22001097a 4500
082 _a800/SHA
100 _aसाहनी,भीष्‍म
_94838
245 _aकथा शिखर
260 _aनई दिल्‍ली
_bकौटिल्‍य बुक्‍स
_c2021
650 _aरचनावली
942 _cHIN
999 _c68292
_d68292